Residential leaseholders' handbook (Record no. 105405)

MARC details
000 -LEADER
fixed length control field 01791cam a2200253 4500
001 - CONTROL NUMBER
control field ##L133479
008 - FIXED-LENGTH DATA ELEMENTS--GENERAL INFORMATION
fixed length control field 060511n2006 000 0 eng u
020 ## - INTERNATIONAL STANDARD BOOK NUMBER
International Standard Book Number 0728204908
035 ## - SYSTEM CONTROL NUMBER
System control number (Sirsi) u133479
041 0# - LANGUAGE CODE
Language code of text/sound track or separate title eng
050 04 - LIBRARY OF CONGRESS CALL NUMBER
Classification number 346.4104342 $2 18
100 1# - MAIN ENTRY--PERSONAL NAME
Personal name Ward, Charles
245 00 - TITLE STATEMENT
Title Residential leaseholders' handbook
260 ## - PUBLICATION, DISTRIBUTION, ETC.
Place of publication, distribution, etc. London
Name of publisher, distributor, etc. EG Books
Date of publication, distribution, etc. 2006
300 ## - PHYSICAL DESCRIPTION
Extent x, 192p
Dimensions 22cm.
350 ## - PRICE (NR) (BK AM CF MU VM SE) [OBSOLETE]
Price 20
505 2# - FORMATTED CONTENTS NOTE
Formatted contents note Understanding a residential lease -- The case of the missing landlord -- Dealing with landlord default -- Sale, sublettings, alterations and use -- Service charges -- The right to manage -- The meaning of collective enfranchisement -- The right of first refusal -- The general right to enfranchise/extend under the 1993 Act -- Compulsory acquisition of a landlord's interest -- Freehold enfranchisement of houses -- When a lease comes to an end -- Variation of leases -- Disputes resolution -- Running a leasehold management company.
520 ## - SUMMARY, ETC.
Summary, etc. Explains everything leaseholders and their advisers need to know in respect of long residential leases. Sets out the legal framework of a typical ground lease and its main provisions, and also advises on such problem areas as absentee landlords, spiralling service charges, the right to be consulted on significant or long term service charge items, how to challenge excessive service charges, how to gain control of the freehold, and how to set up a management company. Makes extensive use of real life scenarios, landmark cases and fictitious case studies to illustrate how leasehold law works in practice.
590 ## - LOCAL NOTE (RLIN)
Local note IKA060606
651 #4 - SUBJECT ADDED ENTRY--GEOGRAPHIC NAME
Geographic name England and Wales
Chronological subdivision 1543-
690 ## - LOCAL SUBJECT ADDED ENTRY--TOPICAL TERM (OCLC, RLIN)
Topical term or geographic name as entry element PROPERTY-RESIDENTIAL PROPERTY-RESIDENTIAL LANDLORD AND TENANT-RESIDENTIAL LEASES
942 ## - ADDED ENTRY ELEMENTS (KOHA)
Suppress in OPAC 0
Holdings
Withdrawn status Lost status Source of classification or shelving scheme Damaged status Not for loan Home library Current library Shelving location Date acquired Cost, normal purchase price Total Checkouts Full call number Barcode Date last seen Date last checked out Copy number Cost, replacement price Price effective from Koha item type
    Dewey Decimal Classification     London London Books 26/05/2006 20.00 19 346.4104342 WAR 30072985 06/08/2019 16/11/2009 1 20.00 06/08/2019 Book